000 00501nam a2200181Ia 4500
003 GCL
008 140319s9999 xx 000 0 ara d
040 _aGCL /
_cGCL
082 0 4 _a398.22
_bد ا
100 1 _aدار الهلال
245 1 0 _aالف ليلة وليلة /
_cدار الهلال
490 _a
650 0 4 _aالاساطير العربية
650 0 4 _aالادب الشعبى
650 0 4 _aالقصص الخرافية
650 0 4 _aالف ليلة وليلة
942 _2ddc
_cBK
999 _c46154
_d46154